Highway project (Record no. 550742)

000 -LEADER
fixed length control field 00278nam a22001097a 4500
082 ## - DEWEY DECIMAL CLASSIFICATION NUMBER
Classification number P-157
Author Mark P-157
100 ## - MAIN ENTRY--PERSONAL NAME
Personal name M. Shadab Lodhi
9 (RLIN) 47512
245 ## - TITLE STATEMENT
Title Highway project
Statement of responsibility, etc. M. Shadab Lodhi, Javed Iqbal
526 ## - STUDY PROGRAM INFORMATION NOTE
Program name 0
Interest level 0
Reading level 0
Title point value P_157_P157
650 ## - SUBJECT ADDED ENTRY--TOPICAL TERM
Topical term or geographic name entry element Project
9 (RLIN) 47513
942 ## - ADDED ENTRY ELEMENTS (KOHA)
Source of classification or shelving scheme
Koha item type Book
Holdings
Withdrawn status Lost status Source of classification or shelving scheme Damaged status Not for loan Permanent Location Current Location Date acquired Total Checkouts Full call number Barcode Date last seen Date last checked out Price effective from Koha item type Public note
          Military College of Engineering (MCE) Military College of Engineering (MCE) 11/21/2014 1 P-157 P-157 MCE-P-157 03/26/2015 03/26/2015 11/21/2014 Book Project
© 2023 Central Library, National University of Sciences and Technology. All Rights Reserved.